|
|
|
|
| LEADER |
01048nam a2200325 4500 |
| 001 |
DLU110130893 |
| 005 |
##20111223 |
| 040 |
# |
# |
|a DLU
|b eng
|
| 041 |
# |
# |
|a eng
|
| 044 |
# |
# |
|a us
|
| 100 |
# |
# |
|a Rieucau, Guillaume.
|
| 245 |
# |
# |
|a Group size effect in nutmeg mannikin : Between-individuals behavioral differences but same plasticity /
|c Guillaume Rieucau, Julie Morand-Ferron, Luc-Alain Giraldeau.
|
| 653 |
# |
# |
|a Behavioral consistency
|
| 653 |
# |
# |
|a Behavioral plasticity
|
| 653 |
# |
# |
|a Group size effect
|
| 653 |
# |
# |
|a Lonchura punctulata
|
| 653 |
# |
# |
|a Nutmeg mannikins
|
| 653 |
# |
# |
|a Social foraging
|
| 700 |
# |
# |
|a Giraldeau, Luc-Alain.
|
| 700 |
# |
# |
|a Morand-Ferron, Julie.
|
| 773 |
# |
# |
|t Behavioral ecology
|g Vol. 21, no. 4 (June-August 2010), p. 684-689
|
| 920 |
# |
# |
|a Phòng Tạp chí -- Trung tâm Thông tin - Thư viện Trường Đại học Đà Lạt
|
| 994 |
# |
# |
|a DLU
|
| 900 |
# |
# |
|a True
|
| 911 |
# |
# |
|a Trương Bảo Trâm Anh
|
| 925 |
# |
# |
|a G
|
| 926 |
# |
# |
|a A
|
| 927 |
# |
# |
|a BB
|
| 980 |
# |
# |
|a Thư viện Trường Đại học Đà Lạt
|